| 000 | 00732nam a22002177a 4500 | ||
|---|---|---|---|
| 005 | 20251108173143.0 | ||
| 008 | 250721s2005 xx 000 0 ara d | ||
| 082 | 1 | 4 | _a818.03/كلي |
| 100 | 1 |
_aكليرك، توماس _eمؤلف |
|
| 245 | 1 | 0 | _aالكتابات الذاتية : المفهوم- التاريخ- الوظائف و الأشكال / |
| 264 | 1 |
_aعمان : _bدار أزمنة للنشر و التوزيع، _c2005. |
|
| 300 | _a56ص. | ||
| 490 | 0 | _aدراسات | |
| 650 | 1 | 7 | _aالسيرة الذاتية |
| 650 | 1 | 7 | _aالتراجم |
| 650 | 1 | 7 | _aالأدب العربي |
| 650 | 1 | 7 | _aالنقد الأدبي |
| 700 | 1 |
_aعبد الغني، محمود _eمترجم |
|
| 942 |
_2ddc _cBK |
||
| 999 |
_c97297 _d97297 |
||